00773 2200193 4500245006100000020002200061250001100083100001700094700002200111650002200133650001800155005001900173260002800192041001400220084001100234300002900245500029600274336000900570 aSebuah Seni untuk Bersikap Bodo AmatcManson, MarkhText a978-602-452-698-6 aCet. 3 aManson, Mark aAdinto F. Susanto aPengembangan Diri aMotivasi Diri a20241014102106 aJakartabGrasindoc2018 aIndonesia a155.25 avii, 246 hlm. 20.5 cm. : aDalam buku pengembangan diri yang mewakili generasi ini, seorang bloger superstar menunjukkan pada kita bahwa kunci untuk menjadi orang yang lebih kuat, lebih bahagia adalah dengan mengerjakan segala tantangan dengan lebih baik dan berhenti memaksa diri untuk menjadi positif di setiap saat. atext